Bilecik Bilecik Bilecik Bilecik Bilecik

Operations management : (Record no. 1700)

MARC details
000 -BAŞLIK
Sabit Uzunluktaki Kontrol Alanı 01058nam a22003137a 4500
001 - KONTROL NUMARASI
Control Dosyası 0001713
003 - KONTROL NUMARASI KİMLİĞİ
Kontrol Alanı KOHA_MİRAKIL
005 - EN SON İŞLEM TARİHİ ve ZAMANI
Kontrol Alanı 20260207001250.0
007 - FİZİKSEL TANIM SABİT ALAN - GENEL BİLGİ
Sabit uzunluklu kontrol alanı ta
008 - SABİT UZUNLUKTAKİ VERİ ÖGELERİ - GENEL BİLGİ
Sabit Alan 090217b2005 usa|||gr||||#||||0|eng |
020 ## - ISBN - ULUSLARARASI STANDART KİTAP NUMARASI
Isbn 0072948248
Nitelik bilgileri (alk. paper)
Kullanılabilirlik koşulları 72,67
040 ## - KATALOGLAMA KAYNAĞI
Özgün Kataloglama Kurumu TR-BiSEU
Kataloglama Dili tur
Çeviri Kurumu TR-BiSEU
Açıklama Kuralları rda
041 0# - DİL KODU
Metin ya da ses kaydının dil kodu eng
044 ## - YAYINLAYAN/ÜRETEN KURULUŞUN ÜLKE KODU
ISO country code us
050 ## - SINIFLAMA ve YER NUMARASI
Sınıflama Numarası TS155
Yer Numarası .D38 2005
100 1# - KİŞİ ADI
Yazar Adı (Kişi adı) Davis, Mark M..
245 1# - ESER ADI BİLDİRİMİ
Başlık Operations management :
Alt Eseradı vb. integrating manufacturing and services/
Sorumluluk Bildirimi Mark M. Davis ; Mark M. Davis, Janelle Heineke.
250 ## - BASIM BİLDİRİMİ
Basım Bildirimi 5th ed.
264 #1 - ÜRERİM, YAYIN, DAĞITIM ve TELİF BİLDİRİMİ
Yayın yeri Boston :
Yayınlayan McGraw-Hill
Yayın tarihi 2005
300 ## - FİZİKSEL TANIMLAMA
Sayfa, Cilt vb. XXXIX, 679 sayfa :
Diğer fiziki detaylar resimli +
Birlikteki Materyal 1 CD-ROM (4 3/4 in.)
336 ## - İÇERİK TÜRÜ
Content type term metin
Content type code txt
Source rdacontent
337 ## - MEDYA TÜRÜ
Media type term aracısız
Media type code n
Source rdamedia
338 ## - TAŞIYICI TÜRÜ
Carrier type term cilt
Carrier type code nc
Source rdacarrier
490 0# - DİZİ BİLDİRİMİ
Dizi Bildirimi The McGraw-Hill/Irwin series operations and decision sciences
650 #0 - KONU BAŞLIĞI EK GİRİŞ - KONU TERİMİ
Konusal terim veya coğrafi ad Production management.
9 (RLIN) 1618
650 #0 - KONU BAŞLIĞI EK GİRİŞ - KONU TERİMİ
Konusal terim veya coğrafi ad Üretim yönetimi.
9 (RLIN) 1615
830 0# - SERİ EK GİRİŞİ - TEKBİÇİM ESER ADI
Tekbiçim Başlık The McGraw-Hill/Irwin series operations and decision sciences
9 (RLIN) 5241
942 ## - EK GİRİŞ ÖGELERİ (KOHA)
Source of classification or shelving scheme Library of Congress Classification
Koha item type Book
Holdings
Materyal Türü Kalıcı Konum Mevcut Konum Raf Yeri Sınıflandırma Kaynağı Edinim Bilgisi Ana Konular Alt Konular Yer Numarası Demirbaş Numarası Fatura Tarihi Maliyet, Alış Fiyatı Maliyet, Yenileme Fiyatı Geri Çekilme Durumu Kayıp Durumu Hasarlı Durumu Kredi için değil Kayıt Tarih Toplam Ödünçverme Son Görülme Tarihi Son Kontrol Tarihi
Book Prof. Dr. Azmi Özcan Kütüphanesi Prof. Dr. Azmi Özcan Kütüphanesi Birûni Salonu Library of Congress Classification Satın TEKNOLOJİ İmalat TS155 .D38 2005 0001713 12/12/2008 78.48 78.48         17/02/2009 2 05/12/2024 05/12/2024